2024 Formula 1 Calendar - Statistics

General Stats
  • This quiz has been taken 276 times
  • The average score is 20 of 24
Answer Stats
Picture Hint Answer % Correct
#1 (29 Feb - 02 March) Bahrain
94%
#8 (24 - 26 May) Monaco
91%
#4 (05 - 07 April) Japan
90%
#16 (30 August - 01 September Italy
87%
#2 (07 - 09 March) Saudi Arabia
87%
#3 (22 - 24 March) Australia
86%
#5 (19 - 21 April) China
86%
#22 (21 - 23 November) United States
86%
#10 (21 - 23 June) Spain
84%
#19 (18 - 20 October) United States
84%
#17 (13 - 15 September) Azerbaijan
83%
#14 (26 - 28 July) Belgium
83%
#23 (29 Nov - 01 Dec) Qatar
83%
#12 (05 - 07 July) United Kingdom
83%
#6 (03 - 05 May) United States
83%
#9 (07 - 09 June) Canada
82%
#21 ( 01 - 03 November) Brazil
81%
#13 (19 - 21 July) Hungary
81%
#11 (28 - 30 June) Austria
80%
#15 (23 - 25 August) Netherlands
80%
#18 (20 - 22 September) Singapore
80%
#7 (17 - 19 May) Italy
78%
#24 (06 - 08 December) United Arab Emirates
77%
#20 (25 - 27 October) Mexico
74%
No matching quizzes found
Score Distribution
Percent of People with Each Score
Percentile by Number Answered
Your Score History
You have not taken this quiz